[Event "CZE-chT2C 2223"]
[Site "Czech Republic"]
[Date "2023.03.05"]
[Round "10.4"]
[White "Cakl, Zdenek"]
[Black "Rigo, Imrich"]
[Result "1-0"]
[WhiteElo "2056"]
[BlackElo "1986"]
[PlyCount "82"]
[EventDate "2022.10.16"]
[EventType "team-tourn"]
[EventRounds "11"]
[EventCountry "CZE"]
[SourceTitle "EXT 2024"]
[Source "ChessBase"]
[SourceDate "2023.10.10"]
[SourceVersion "1"]
[SourceVersionDate "2023.10.10"]
[SourceQuality "1"]
[WhiteTeam "Liberec"]
[BlackTeam "Bakov nad Jizerou"]
[WhiteTeamCountry "CZE"]
[BlackTeamCountry "CZE"]

1. Nf3 c5 2. b3 d5 3. e3 Bg4 4. Bb2 Nf6 5. h3 Bxf3 6. Qxf3 Nc6 7. Be2 e6 8. 0-0 Be7 9. d4 cxd4 10. exd4 0-0 11. Nd2 Qa5 12. Rfd1 Ba3 13. Bc3 Qb6 14. Nb1 Be7 15. Bb2 Nb4 16. Na3 Ne4 17. c3 Nc6 18. Nc2 a5 19. c4 Nb4 20. Ne3 Qd8 21. cxd5 exd5 22. a3 Nc6 23. Nxd5 Qxd5 24. Bc4 Qd6 25. Qxe4 Bf6 26. Rd3 Rae8 27. Qg4 Re7 28. Rad1 Rfe8 29. g3 Re2 30. Bc3 R2e7 31. Rf3 Re4 32. Qf5 b6 33. Bd3 Nxd4 34. Bxd4 Re1+ 35. Rxe1 Rxe1+ 36. Kg2 Qxd4 37. Qxh7+ Kf8 38. Bb5 g6 39. Bc4 Re7 40. Qh6+ Ke8 41. Bb5+ Rd7 1-0

[Event "Liberec op 22nd"]
[Site "Liberec"]
[Date "2023.02.28"]
[Round "6"]
[White "Cakl, Zdenek"]
[Black "Lohia, Sohum"]
[Result "1/2-1/2"]
[WhiteElo "2079"]
[BlackElo "2105"]
[PlyCount "68"]
[EventDate "2023.02.24"]
[EventType "swiss"]
[EventRounds "9"]
[EventCountry "CZE"]
[SourceTitle "CBM 213 Extra"]
[Source "ChessBase"]
[SourceDate "2023.05.31"]
[SourceVersion "1"]
[SourceVersionDate "2023.05.31"]
[SourceQuality "1"]

1. Nf3 d5 2. b3 c5 3. e3 Nc6 4. Bb2 a6 5. Be2 d4 6. exd4 cxd4 7. 0-0 g6 8. Bd3 Bg7 9. Be4 Nh6 10. Bxc6+ bxc6 11. d3 0-0 12. Nbd2 e5 13. Re1 Re8 14. Nc4 f6 15. Ba3 Nf7 16. Bc5 Be6 17. Nfd2 f5 18. f3 h5 19. Qe2 Bd5 20. Qf2 Bf6 21. Rad1 Bh4 22. g3 Bf6 23. f4 Bxc4 24. Nxc4 Qd5 25. Ba3 Rad8 26. Bc1 e4 27. Qg2 e3 28. Nb6 Qxg2+ 29. Kxg2 Nd6 30. a4 Kf7 31. Ba3 Be7 32. Bxd6 Bxd6 33. Nc4 Bc7 34. h4 Rb8 1/2-1/2

[Event "Liberec Region-chT 2223"]
[Site "Czech Republic"]
[Date "2023.01.29"]
[Round "7.2"]
[White "Pospisil, Jiri1111"]
[Black "Cakl, Zdenek"]
[Result "0-1"]
[WhiteElo "1770"]
[BlackElo "2058"]
[PlyCount "96"]
[EventDate "2022.10.09"]
[EventType "team-tourn"]
[EventRounds "11"]
[EventCountry "CZE"]
[SourceTitle "EXT 2024"]
[Source "ChessBase"]
[SourceDate "2023.10.10"]
[SourceVersion "1"]
[SourceVersionDate "2023.10.10"]
[SourceQuality "1"]

1. e4 c5 2. Nf3 g6 3. d3 Bg7 4. g3 Nc6 5. Bg2 e6 6. 0-0 Nge7 7. Nbd2 0-0 8. a4 d5 9. Re1 Qc7 10. Nf1 Rd8 11. Qe2 Bd7 12. Ne3 dxe4 13. dxe4 Nd4 14. Nxd4 cxd4 15. Nf1 Rac8 16. Bg5 f6 17. Bd2 Qxc2 18. Rec1 Qb3 19. Ba5 Rxc1 20. Rxc1 b6 21. Bd2 Qxa4 22. Rc7 Bb5 23. Qg4 Bd7 24. Bh3 Kf7 25. e5 Nf5 26. exf6 Bxf6 27. Qe4 Ke7 28. Bf4 Rc8 29. Qb7 Rxc7 30. Qxc7 Qc6 31. Qxa7 e5 32. Bg2 Qd6 33. Bd2 Kf7 34. Qa8 Ne7 35. Qa2+ Kg7 36. Qb3 Be6 37. Qb5 Qc5 38. Qe8 Bf7 39. Qb8 Nd5 40. b4 Nxb4 41. f4 Nd3 42. Be4 Nb2 43. f5 Nc4 44. fxg6 hxg6 45. Be1 Nd6 46. Bg2 e4 47. h4 d3+ 48. Kh2 e3 0-1

[Event "Liberec Region-chT 2223"]
[Site "Czech Republic"]
[Date "2022.11.13"]
[Round "3.2"]
[White "Cakl, Zdenek"]
[Black "Krelina, Jan1111"]
[Result "1/2-1/2"]
[WhiteElo "2065"]
[BlackElo "1594"]
[PlyCount "202"]
[EventDate "2022.10.09"]
[EventType "team-tourn"]
[EventRounds "11"]
[EventCountry "CZE"]
[SourceTitle "EXT 2024"]
[Source "ChessBase"]
[SourceDate "2023.10.10"]
[SourceVersion "1"]
[SourceVersionDate "2023.10.10"]
[SourceQuality "1"]

1. Nf3 Nf6 2. b3 b6 3. Bb2 Bb7 4. e3 g6 5. Be2 Bg7 6. 0-0 0-0 7. c4 d6 8. d4 Nbd7 9. Nc3 Ne8 10. Qc2 e5 11. Rad1 exd4 12. Nxd4 Nef6 13. Bf3 Bxf3 14. Nxf3 Qe7 15. Nb5 Nc5 16. b4 Nce4 17. h3 a6 18. Nbd4 c5 19. bxc5 dxc5 20. Nc6 Qe6 21. Nce5 Rab8 22. Rd3 b5 23. Rfd1 bxc4 24. Nxc4 Rfe8 25. Be5 Ra8 26. Nd6 Nxd6 27. Rxd6 Qe7 28. Bxf6 Bxf6 29. Qxc5 Be5 30. R6d5 Qxc5 31. Rxc5 Bf6 32. Rc6 Bb2 33. Rd7 h6 34. Rcc7 Rf8 35. Ra7 a5 36. Rxf7 Rxa7 37. Rxa7 Bc3 38. Rc7 Bb2 39. Rc6 Kg7 40. Nd4 Rb8 41. Ne6+ Kh7 42. Ra6 Bc3 43. h4 Rb1+ 44. Kh2 Rb2 45. f4 Rxa2 46. Nf8+ Kg7 47. Nxg6 Bf6 48. h5 a4 49. Ra7+ Kg8 50. e4 Bd4 51. Rd7 Bc5 52. e5 a3 53. e6 Re2 54. Rd8+ Kg7 55. e7 Bxe7 56. Nxe7 Rxe7 57. Ra8 Re3 58. g3 Re2+ 59. Kh3 a2 60. Kg4 Kf6 61. Ra6+ Kf7 62. Kf5 Rb2 63. Ra7+ Kg8 64. Kg4 Rc2 65. f5 Rc4+ 66. Kh3 Rc2 67. Kh4 Rh2+ 68. Kg4 Rb2 69. f6 Rf2 70. Kh4 Rxf6 71. Rxa2 Rb6 72. Ra7 Rb4+ 73. Kh3 Rb5 74. Kg4 Rg5+ 75. Kh4 Rb5 76. g4 Rb4 77. Kg3 Re4 78. Kf3 Rb4 79. Re7 Ra4 80. Re4 Ra7 81. Kf4 Kg7 82. Re6 Ra4+ 83. Kf5 Ra5+ 84. Re5 Ra7 85. Rd5 Rb7 86. Rd6 Rf7+ 87. Ke5 Ra7 88. Rg6+ Kh7 89. Rb6 Kg7 90. Rd6 Ra5+ 91. Ke6 Ra7 92. Rd5 Rb7 93. Kf5 Rf7+ 94. Ke4 Ra7 95. Kf4 Rf7+ 96. Rf5 Ra7 97. g5 Ra4+ 98. Kg3 hxg5 99. Rxg5+ Kh6 100. Rg4 Ra5 101. Kh3 Rxh5+ 1/2-1/2

[Event "Liberec Desko op"]
[Site "Liberec"]
[Date "2021.07.18"]
[Round "3"]
[White "Cakl, Zdenek"]
[Black "Bures, Jaroslav"]
[Result "0-1"]
[WhiteElo "2083"]
[BlackElo "2395"]
[PlyCount "71"]
[EventDate "2021.07.17"]
[EventType "swiss"]
[EventRounds "9"]
[EventCountry "CZE"]
[SourceTitle "CBM 203 Extra"]
[Source "ChessBase"]
[SourceDate "2021.09.30"]
[SourceVersion "1"]
[SourceVersionDate "2021.09.30"]
[SourceQuality "1"]

1. Nf3 Nf6 2. b3 d6 3. d4 g6 4. Bb2 Bg7 5. g3 e5 6. dxe5 Nfd7 7. Bg2 Nc6 8. Nbd2 0-0 9. 0-0 Re8 10. Re1 Ndxe5 11. Rb1 a5 12. a3 d5 13. Nxe5 Nxe5 14. Nf3 Nxf3+ 15. Bxf3 Bxb2 16. Rxb2 Qf6 17. Rb1 c6 18. c4 Bf5 19. Rc1 dxc4 20. bxc4 Qb2 21. Qd6 a4 22. Rcd1 Qb3 23. Qc5 Rad8 24. Rxd8 Rxd8 25. Kg2 Be6 26. Rc1 Qb2 27. Qe3 b5 28. cxb5 cxb5 29. Rc7 b4 30. axb4 a3 31. Qb6 a2 32. Ra7 Rd1 33. Qb8+ Kg7 34. Ra8 a1Q 35. Qf8+ Kf6 36. Qh8+ 0-1

[Event "Liberec op 20th"]
[Site "Liberec"]
[Date "2020.02.25"]
[Round "4"]
[White "Vitak, Jiri"]
[Black "Cakl, Zdenek"]
[Result "1-0"]
[WhiteElo "2199"]
[BlackElo "2066"]
[PlyCount "153"]
[EventDate "2020.02.22"]
[EventType "swiss"]
[EventRounds "9"]
[EventCountry "CZE"]
[SourceTitle "CBM 195 Extra"]
[Source "ChessBase"]
[SourceDate "2020.05.31"]
[SourceVersion "1"]
[SourceVersionDate "2020.05.31"]
[SourceQuality "1"]

1. d4 d5 2. c4 e6 3. Nf3 Nf6 4. g3 Bb4+ 5. Bd2 Be7 6. Bg2 0-0 7. Qc2 c6 8. 0-0 b6 9. Ne5 Nfd7 10. Nxd7 Nxd7 11. Nc3 Ba6 12. cxd5 cxd5 13. Rac1 Rc8 14. Qa4 Nb8 15. Qd1 Nc6 16. Bf4 Bd6 17. Bxd6 Qxd6 18. Qa4 Nb8 19. Rfd1 b5 20. Nxb5 Qd7 21. Rxc8 Rxc8 22. Nc3 Qxa4 23. Nxa4 Bxe2 24. Re1 Rc2 25. Nc3 Bc4 26. Bxd5 Bxd5 27. Nxd5 Rxb2 28. Rc1 g5 29. Ne3 Kg7 30. Rc8 Rb7 31. Rc5 h6 32. d5 Nd7 33. Ra5 exd5 34. Rxd5 Nf6 35. Rd6 Rb6 36. Rxb6 axb6 37. Kf1 h5 38. f3 Nd7 39. Ke2 Kf6 40. Kd3 Ke5 41. Kc4 f5 42. Ng2 Nf6 43. f4+ gxf4 44. Nxf4 Ke4 45. Kb5 h4 46. Kxb6 hxg3 47. hxg3 Kf3 48. a4 Nd7+ 49. Kc6 Ne5+ 50. Kd6 Nc4+ 51. Kc5 Na5 52. Nh5 Kg4 53. Ng7 Kxg3 54. Nxf5+ Kf4 55. Nd4 Ke4 56. Nc6 Nb7+ 57. Kc4 Nd6+ 58. Kc5 Nb7+ 59. Kc4 Nd6+ 60. Kb4 Nb7 61. Na5 Nd8 62. Kc5 Ne6+ 63. Kb6 Kd5 64. Nb7 Nf8 65. a5 Nd7+ 66. Kc7 Ne5 67. a6 Nc6 68. Kb6 Ne7 69. Kc7 Nc6 70. Nd6 Na7 71. Nc8 Nb5+ 72. Kb6 Kc4 73. Ne7 Kb4 74. Nd5+ Kc4 75. Nc3 Nd6 76. Kc7 Ne8+ 77. Kc6 1-0

[Event "Liberec op 20th"]
[Site "Liberec"]
[Date "2020.02.24"]
[Round "3"]
[White "Cakl, Zdenek"]
[Black "Belaska, Premysl"]
[Result "1/2-1/2"]
[WhiteElo "2066"]
[BlackElo "2212"]
[PlyCount "48"]
[EventDate "2020.02.22"]
[EventType "swiss"]
[EventRounds "9"]
[EventCountry "CZE"]
[SourceTitle "CBM 195 Extra"]
[Source "ChessBase"]
[SourceDate "2020.05.31"]
[SourceVersion "1"]
[SourceVersionDate "2020.05.31"]
[SourceQuality "1"]

1. b3 e5 2. Bb2 d6 3. e3 Nf6 4. d4 Nbd7 5. dxe5 Nxe5 6. Nf3 Nxf3+ 7. Qxf3 Be7 8. Bd3 d5 9. h3 Be6 10. 0-0 Qd7 11. Nc3 0-0 12. Rad1 Qc8 13. Ne2 c5 14. c4 dxc4 15. bxc4 b5 16. Ng3 bxc4 17. Nf5 Bxf5 18. Bxf5 Qa6 19. Bb1 Qb6 20. Bc3 Rad8 21. Bc2 Qe6 22. Bf5 Qa6 23. Bb1 Qe6 24. Bf5 Qa6 1/2-1/2

[Event "Liberec op 20th"]
[Site "Liberec"]
[Date "2020.02.22"]
[Round "1"]
[White "Cakl, Zdenek"]
[Black "Kutek, Jiri"]
[Result "1-0"]
[WhiteElo "2066"]
[BlackElo "1534"]
[PlyCount "53"]
[EventDate "2020.02.22"]
[EventType "swiss"]
[EventRounds "9"]
[EventCountry "CZE"]
[SourceTitle "CBM 195 Extra"]
[Source "ChessBase"]
[SourceDate "2020.05.31"]
[SourceVersion "1"]
[SourceVersionDate "2020.05.31"]
[SourceQuality "1"]

1. Nf3 d5 2. b3 Bf5 3. Bb2 e6 4. g3 c5 5. Bg2 Nc6 6. 0-0 Nf6 7. d3 Rc8 8. Nbd2 h6 9. Rc1 b5 10. c4 bxc4 11. bxc4 d4 12. Qa4 Qa5 13. Qxa5 Nxa5 14. Ba3 Be7 15. Rb1 a6 16. Rb6 0-0 17. Nxd4 Rfd8 18. Nxf5 exf5 19. Rxa6 Ne4 20. Nxe4 fxe4 21. Bxe4 Nxc4 22. dxc4 Rd2 23. Bc1 Rxe2 24. Be3 Rb2 25. Ra7 Bd8 26. Bd5 Bc7 27. Bxc5 1-0

[Event "CZE-chT2C 1920"]
[Site "Czech Republic"]
[Date "2019.11.17"]
[Round "3.4"]
[White "Zahorbensky, Jaroslav"]
[Black "Cakl, Zdenek"]
[Result "0-1"]
[WhiteElo "2080"]
[BlackElo "2002"]
[PlyCount "102"]
[EventDate "2019.10.13"]
[EventType "team-tourn"]
[EventRounds "11"]
[EventCountry "CZE"]
[SourceTitle "EXT 2024"]
[Source "ChessBase"]
[SourceDate "2023.10.10"]
[SourceVersion "1"]
[SourceVersionDate "2023.10.10"]
[SourceQuality "1"]
[WhiteTeam "Bakov nad Jizerou"]
[BlackTeam "Liberec Desko"]
[WhiteTeamCountry "CZE"]
[BlackTeamCountry "CZE"]

1. e4 c5 2. Nf3 d6 3. Bb5+ Bd7 4. Bxd7+ Qxd7 5. 0-0 Nc6 6. c3 Nf6 7. Re1 g6 8. d4 Bg7 9. Bf4 0-0 10. d5 Na5 11. Nbd2 Rac8 12. Nb3 Nc4 13. Qe2 b5 14. Rad1 a5 15. a4 bxa4 16. Qxc4 axb3 17. Ra1 Ra8 18. Ra4 Rfb8 19. Nd2 Ng4 20. Rea1 Be5 21. g3 Bxf4 22. gxf4 Nf6 23. Qe2 Qh3 24. Qf3 Qh6 25. Nf1 Nh5 26. f5 Nf6 27. Ne3 Nd7 28. Rxa5 Rxa5 29. Rxa5 Ne5 30. Qe2 Qh3 31. f4 Nf3+ 32. Kf2 Nxh2 33. Ra1 h5 34. Rg1 Qh4+ 35. Kg2 Qxf4 36. Rh1 Ng4 37. Nxg4 Qxg4+ 38. Qxg4 hxg4 39. fxg6 Ra8 40. gxf7+ Kxf7 41. Kg3 Ra2 42. Rh2 Ra4 43. Kf4 e6 44. dxe6+ Kxe6 45. Rh6+ Kd7 46. Rh2 d5 47. Rd2 Rxe4+ 48. Kf5 Kc6 49. Rh2 Kb5 50. Rg2 g3 51. Rd2 Rh4 0-1

[Event "CZE-chT2C 1819"]
[Site "Czech Republic"]
[Date "2019.03.31"]
[Round "11.8"]
[White "Fojt, Petr"]
[Black "Cakl, Zdenek"]
[Result "1/2-1/2"]
[WhiteElo "1821"]
[BlackElo "2019"]
[PlyCount "152"]
[EventDate "2018.10.14"]
[EventType "team-tourn"]
[EventRounds "11"]
[EventCountry "CZE"]
[SourceTitle "EXT 2022"]
[Source "ChessBase"]
[SourceDate "2021.10.06"]
[SourceVersion "1"]
[SourceVersionDate "2021.10.06"]
[SourceQuality "1"]
[WhiteTeam "Jicin"]
[BlackTeam "Liberec Desko"]
[WhiteTeamCountry "CZE"]
[BlackTeamCountry "CZE"]

1. e4 c5 2. Nf3 d6 3. Nc3 g6 4. d4 cxd4 5. Nxd4 Nf6 6. f4 Bg7 7. e5 dxe5 8. fxe5 Ng4 9. Bb5+ Nc6 10. Nxc6 Qxd1+ 11. Nxd1 a6 12. Ba4 Bd7 13. h3 Nh6 14. Nxe7 Bxa4 15. Nd5 0-0 16. Nb6 Rae8 17. Nxa4 Nf5 18. Bf4 f6 19. 0-0 fxe5 20. Bg5 e4 21. g4 Bd4+ 22. Kg2 e3 23. Bxe3 Nxe3+ 24. Nxe3 Bxe3 25. Rxf8+ Rxf8 26. Re1 Bd4 27. c3 Bf6 28. Nc5 Rf7 29. Re8+ Kg7 30. Rb8 b5 31. Nxa6 Ra7 32. Nb4 Rd7 33. g5 Be7 34. Kf3 Bxg5 35. Rxb5 Bc1 36. Nd5 Bxb2 37. Rxb2 Rxd5 38. Ke4 Rh5 39. Rh2 Kf6 40. Kd4 Ke6 41. Kc4 Kd6 42. Kb4 Kc6 43. c4 Kb6 44. a4 Ka6 45. Rh1 Kb6 46. Rh2 Ka6 47. Rf2 Rxh3 48. Rf6+ Kb7 49. Kb5 Rh5+ 50. c5 Rf5 51. Re6 Rf1 52. Re7+ Kb8 53. Rxh7 Rb1+ 54. Kc6 Ra1 55. Rh8+ Ka7 56. Rh4 Kb8 57. Rb4+ Kc8 58. Kb6 g5 59. a5 Rh1 60. a6 Kb8 61. c6 g4 62. a7+ Ka8 63. Rxg4 Rb1+ 64. Kc7 Ra1 65. Rb4 Kxa7 66. Kc8 Rh1 67. c7 Rh8+ 68. Kd7 Rh7+ 69. Kd6 Rh6+ 70. Kd5 Rh5+ 71. Kd4 Rh4+ 72. Kc5 Rh5+ 73. Kd4 Rh4+ 74. Ke5 Rh5+ 75. Ke6 Rh6+ 76. Kd7 Rh7+ 1/2-1/2

[Event "Liberec op 19th"]
[Site "Liberec"]
[Date "2019.02.25"]
[Round "3"]
[White "Dowgird, Filip"]
[Black "Cakl, Zdenek"]
[Result "1-0"]
[WhiteElo "2270"]
[BlackElo "2058"]
[PlyCount "79"]
[EventDate "2019.02.23"]
[EventType "swiss"]
[EventRounds "9"]
[EventCountry "CZE"]
[SourceTitle "CBM 189 Extra"]
[Source "ChessBase"]
[SourceDate "2019.06.03"]
[SourceVersion "1"]
[SourceVersionDate "2019.06.03"]
[SourceQuality "1"]

1. d4 d5 2. Bf4 e6 3. e3 f5 4. Nf3 Nf6 5. c4 Bd6 6. Ne5 0-0 7. Nc3 c6 8. Bd3 Qe7 9. h3 Nbd7 10. Nxd7 Bxd7 11. Bxd6 Qxd6 12. c5 Qe7 13. f4 Ne4 14. Bxe4 Qh4+ 15. Ke2 fxe4 16. Qe1 Qe7 17. Rc1 b6 18. Na4 b5 19. Nc3 b4 20. Nd1 a5 21. Nf2 Bc8 22. Ng4 Ba6+ 23. Kd1 Bc4 24. Ra1 Qb7 25. Ne5 Qb5 26. Kd2 Qa4 27. Qd1 Qxd1+ 28. Rhxd1 Bb5 29. h4 g6 30. Rh1 Ra7 31. Rh3 Kg7 32. Rg3 Rf5 33. Rh1 Rh5 34. Rgh3 Rf5 35. g4 Rf8 36. g5 h5 37. gxh6+ Kh7 38. Rg3 Rf6 39. Rhg1 Kxh6 40. Ng4+ 1-0

[Event "CZE-chT2C 1819"]
[Site "Czech Republic"]
[Date "2019.02.24"]
[Round "9.6"]
[White "Pick, Stepan"]
[Black "Cakl, Zdenek"]
[Result "1-0"]
[WhiteElo "2017"]
[BlackElo "2019"]
[PlyCount "60"]
[EventDate "2018.10.14"]
[EventType "team-tourn"]
[EventRounds "11"]
[EventCountry "CZE"]
[SourceTitle "EXT 2022"]
[Source "ChessBase"]
[SourceDate "2021.10.06"]
[SourceVersion "1"]
[SourceVersionDate "2021.10.06"]
[SourceQuality "1"]
[WhiteTeam "Pankrac II"]
[BlackTeam "Liberec Desko"]
[WhiteTeamCountry "CZE"]
[BlackTeamCountry "CZE"]

1. Nf3 Nf6 2. c4 e6 3. d4 b6 4. e3 Bb7 5. Bd3 Be7 6. 0-0 0-0 7. Nc3 d5 8. cxd5 exd5 9. b3 Nbd7 10. Bb2 c5 11. Rc1 Rc8 12. Ne5 Re8 13. f4 Nf8 14. Bb5 N6d7 15. Qg4 Nxe5 16. fxe5 Bc6 17. Qf3 Bxb5 18. Qxf7+ Kh8 19. Nxb5 Bg5 20. Rce1 cxd4 21. Bxd4 Ne6 22. Nd6 Re7 23. Qf3 Rcc7 24. Qxd5 Qg8 25. b4 Rcd7 26. Rf3 h6 27. Ref1 Qd8 28. Qe4 Qg8 29. h4 Nxd4 30. Qxd4 Bf6 1-0

[Event "CZE-chT2C 1819"]
[Site "Czech Republic"]
[Date "2018.11.04"]
[Round "2.6"]
[White "Cakl, Zdenek"]
[Black "Ptacek, Tomas"]
[Result "1-0"]
[WhiteElo "2019"]
[BlackElo "2058"]
[PlyCount "27"]
[EventDate "2018.10.14"]
[EventType "team-tourn"]
[EventRounds "11"]
[EventCountry "CZE"]
[SourceTitle "EXT 2022"]
[Source "ChessBase"]
[SourceDate "2021.10.06"]
[SourceVersion "1"]
[SourceVersionDate "2021.10.06"]
[SourceQuality "1"]
[WhiteTeam "Liberec Desko"]
[BlackTeam "Hradec Kralove II"]
[WhiteTeamCountry "CZE"]
[BlackTeamCountry "CZE"]

1. Nf3 Nf6 2. b3 g6 3. Bb2 Bg7 4. g3 0-0 5. Bg2 c5 6. d4 Ne4 7. 0-0 Nc6 8. e3 d5 9. Nbd2 Bg4 10. h3 Bf5 11. c4 Rc8 12. cxd5 Nb4 13. Nh4 Qxd5 14. g4 1-0

[Event "CZE-chT2B 1718"]
[Site "Czech Republic"]
[Date "2018.03.18"]
[Round "10.5"]
[White "Cakl, Zdenek"]
[Black "Brejnik, Gustav"]
[Result "1/2-1/2"]
[WhiteElo "2057"]
[BlackElo "2050"]
[PlyCount "170"]
[EventDate "2017.10.15"]
[EventType "team-tourn"]
[EventRounds "11"]
[EventCountry "CZE"]
[SourceTitle "EXT 2022"]
[Source "ChessBase"]
[SourceDate "2021.10.06"]
[SourceVersion "1"]
[SourceVersionDate "2021.10.06"]
[SourceQuality "1"]
[WhiteTeam "Bakov nad Jizerou"]
[BlackTeam "Litomerice"]
[WhiteTeamCountry "CZE"]
[BlackTeamCountry "CZE"]

1. Nf3 d5 2. b3 Bf5 3. Bb2 e6 4. d3 h6 5. g3 Nf6 6. Bg2 Nbd7 7. Nbd2 c6 8. 0-0 Be7 9. e4 dxe4 10. dxe4 Bh7 11. e5 Nd5 12. a3 0-0 13. Re1 Nc5 14. Bd4 Qc7 15. b4 Nd7 16. c4 N5b6 17. c5 Nd5 18. Nc4 Rfd8 19. Nfd2 Nf8 20. Nd6 Ng6 21. Be4 Qd7 22. Qc2 Nf8 23. N2c4 Bxe4 24. Qxe4 Nh7 25. f4 Bf8 26. Rad1 Rab8 27. Qd3 g6 28. g4 Nxf4 29. Qf3 Ng5 30. Qg3 Nfh3+ 31. Kh1 Bg7 32. Be3 Qe7 33. Rf1 Rf8 34. Bxg5 Nxg5 35. h4 Nh7 36. Ne4 Rbd8 37. Rxd8 Qxd8 38. g5 Qd5 39. Qf4 hxg5 40. hxg5 Nxg5 41. Re1 Nxe4 42. Rxe4 f5 43. exf6 Rxf6 44. Qg4 Bh6 45. Nd6 Bf4 46. Kg1 Bxd6 47. cxd6 Qxd6 48. Rd4 Qe5 49. Rd8+ Kf7 50. Qd1 Qe3+ 51. Kh1 Qf3+ 52. Qxf3 Rxf3 53. Rd7+ Kf6 54. a4 b6 55. Rxa7 Rb3 56. Rc7 Rxb4 57. Rxc6 Ke5 58. Kg2 Kd5 59. Rc3 g5 60. Ra3 Ke4 61. a5 bxa5 62. Rxa5 Kf4 63. Ra2 e5 64. Rf2+ Kg4 65. Rf8 Rb2+ 66. Kf1 e4 67. Re8 Kf3 68. Rf8+ Ke3 69. Rg8 g4 70. Kg1 Kf3 71. Rf8+ Kg3 72. Kf1 e3 73. Re8 Rf2+ 74. Ke1 Rf3 75. Rg8 Kh3 76. Ke2 Rg3 77. Rh8+ Kg2 78. Rg8 Kh2 79. Rg7 Kg1 80. Rg8 Kh2 81. Rg7 Rg2+ 82. Kxe3 g3 83. Rh7+ Kg1 84. Rh3 Kf1 85. Kf3 Rh2 1/2-1/2

[Event "Liberec op 18th"]
[Site "Liberec"]
[Date "2018.03.02"]
[Round "8"]
[White "Czarniecka, Aleksandra"]
[Black "Cakl, Zdenek"]
[Result "1/2-1/2"]
[WhiteElo "1964"]
[BlackElo "2064"]
[PlyCount "55"]
[EventDate "2018.02.24"]
[EventType "swiss"]
[EventRounds "9"]
[EventCountry "CZE"]
[SourceTitle "CBM 183 Extra"]
[Source "ChessBase"]
[SourceDate "2018.04.19"]
[SourceVersion "1"]
[SourceVersionDate "2018.04.19"]
[SourceQuality "1"]

1. e4 c5 2. Nf3 d6 3. d4 cxd4 4. Nxd4 Nf6 5. Nc3 g6 6. Be3 Bg7 7. f3 Nc6 8. Qd2 0-0 9. Bc4 Bd7 10. 0-0-0 Na5 11. Bb3 Rb8 12. h4 b5 13. Bh6 Nxb3+ 14. cxb3 Bxh6 15. Qxh6 b4 16. Nd5 Nxd5 17. exd5 Qa5 18. h5 Qxd5 19. hxg6 Rfc8+ 20. Kb1 Bf5+ 21. Nxf5 Qxf5+ 22. Ka1 Qxg6 23. Qe3 Rc7 24. Rd4 Kf8 25. Rg4 Qf6 26. Rf4 Qg6 27. Rg4 Qf6 28. Rf4 1/2-1/2

[Event "CZE-chT2B 1718"]
[Site "Czech Republic"]
[Date "2017.11.19"]
[Round "3.6"]
[White "Cakl, Zdenek"]
[Black "Peniska, Pavel"]
[Result "1-0"]
[WhiteElo "2057"]
[BlackElo "1918"]
[PlyCount "81"]
[EventDate "2017.10.15"]
[EventType "team-tourn"]
[EventRounds "11"]
[EventCountry "CZE"]
[SourceTitle "EXT 2022"]
[Source "ChessBase"]
[SourceDate "2021.10.06"]
[SourceVersion "1"]
[SourceVersionDate "2021.10.06"]
[SourceQuality "1"]
[WhiteTeam "Bakov nad Jizerou"]
[BlackTeam "Liberec Slavia"]
[WhiteTeamCountry "CZE"]
[BlackTeamCountry "CZE"]

1. Nf3 c5 2. b3 Nf6 3. Bb2 d6 4. e3 e5 5. d3 Be7 6. Be2 0-0 7. 0-0 Nc6 8. c4 Ne8 9. Nc3 Nc7 10. d4 exd4 11. exd4 Bf5 12. d5 Nb8 13. Bd3 Bxd3 14. Qxd3 Bf6 15. Bc1 Nd7 16. Bf4 Ne5 17. Nxe5 Bxe5 18. Bxe5 dxe5 19. Qe3 Qe7 20. Ne4 Na6 21. d6 Qe6 22. Nxc5 Qxd6 23. Nxa6 bxa6 24. Rfd1 Qe6 25. Rd5 Rfe8 26. Rad1 Qf5 27. g3 h6 28. Rd7 g5 29. Qd3 Qxd3 30. R1xd3 Re6 31. R3d6 Rae8 32. Rxe6 Rxe6 33. Rxa7 Rd6 34. c5 Rd1+ 35. Kg2 Rc1 36. b4 Rb1 37. c6 Rc1 38. Rxa6 Kg7 39. b5 g4 40. Ra4 f5 41. Rb4 1-0